000 00655nam a2200217Ii 4500
001 19253
003 CO-ViMGA
008 241108s9999||||xx |||||||||||||| ||und||
020 _a9583356301
040 _aCO-ViMGA
_bspa
_erda
_cCO-ViMGA
041 0 _aspa
082 0 4 _a616.462 S43h
100 1 _aIván Dario. Sierra Ariza
_948104
245 1 0 _aHacia el manejo práctico de la Diabetes Mellitus tipo 2
264 1 _aBogotá, Colombia : Editorial Kimpres, 2003
300 _avolumen
336 _atext
_btxt
_2rdacontent
337 _aunmediated
_bn
_2rdamedia
338 _avolume
_bnc
_2rdacarrier
940 _aidficha_siabuc: 18910. -- ficha_no_siabuc:19253
999 _c42742
_d42742